अरूणाची गोष्ट / (Record no. 48521)

MARC details
000 -LEADER
fixed length control field 01271nam a22002657a 4500
005 - DATE AND TIME OF LATEST TRANSACTION
control field 20101006140727.0
008 - FIXED-LENGTH DATA ELEMENTS--GENERAL INFORMATION
fixed length control field 101006t xxu||||| |||| 00| 0 mar d
010 ## - LCCN (DPL NO)
LC control number MAR-20343
020 ## - INTERNATIONAL STANDARD BOOK NUMBER
International Standard Book Number 9788184981421
Terms of availability 180.00
035 ## - SYSTEM CONTROL NUMBER
System control number MR-13001
037 ## - SOURCE OF ACQUISITION
Source of stock number/acquisition DBAD / PUB
040 ## - CATALOGING SOURCE
Original cataloging agency DPL
Language of cataloging MR
082 ## - DEWEY DECIMAL CLASSIFICATION NUMBER
Classification number 891.46301
100 ## - MAIN ENTRY--PERSONAL NAME
Personal name विराणी,पिंकी
9 (RLIN) 23013
245 ## - TITLE STATEMENT
Title अरूणाची गोष्ट /
Statement of responsibility, etc पिंकी विराणी : मीना कर्णिक द्वारा अनुवादित
246 ## - VARYING FORM OF TITLE
Title proper/short title Arunachi Gosatha
Remainder of title by Pink Virani
260 ## - PUBLICATION, DISTRIBUTION, ETC. (IMPRINT)
Place of publication, distribution, etc पुणे
Name of publisher, distributor, etc मेहता पब्लिंशिग हाऊस
Date of publication, distribution, etc 2010
270 ## - ADDRESS
Address 1941, सदाशिव पेठ
City पुणे
Postal code 411030
300 ## - PHYSICAL DESCRIPTION
Extent नऊ, 206पृ
Dimensions 21सेमी (अजिल्द)
600 ## - SUBJECT ADDED ENTRY--PERSONAL NAME
Personal name चांदोरकर,स्वाती
9 (RLIN) 23017
700 ## - ADDED ENTRY--PERSONAL NAME
Personal name विराणी,पिंकी
9 (RLIN) 24073
710 ## - ADDED ENTRY--CORPORATE NAME
Corporate name or jurisdiction name as entry element कर्णिक,मीना
9 (RLIN) 24074
942 ## - ADDED ENTRY ELEMENTS (KOHA)
Source of classification or shelving scheme Dewey Decimal Classification
Item type Marathi Books
Call number suffix विराणी
Classification part 891.46301
Holdings
Withdrawn status Lost status Source of classification or shelving scheme Damaged status Not for loan Collection code Home library Current library Date acquired Source of acquisition Cost, normal purchase price Total Checkouts Full call number Barcode Date last seen Copy number Cost, replacement price Koha item type
    Dewey Decimal Classification   Not For Loan Fiction D.B.Act.Division D.B.Act.Division 30/10/2010 DBAD / PUB 180.00   891.46301 विराणी MR-13001 30/10/2010 1 180.00 Marathi Books

© Delhi Public Library
Hit Counter
free hit counter